00574nam a22001457a 4500003000400000005001700004008004100021040001400062100002600076245015700102260000900259300003100268500009800299504003100397OSt20171010095504.0120730t xxu||||| |||| 00| 0 eng d aMMSUcULS aViernes, Jonathan S.  aProduction of useful organic products from bamboo scraps and wood sawdust using Phanerochaete chrysosporium and Trichoderma reeseicJonathan S. Viernes  c2008 axviii, 100 leaves c28 cm. aThesis (BS Biology) -- Mariano Marcos State University-College of Arts & Sciences, Batac City aBibliography: leaves 42-44